000
00330pab a2200145 454500
008
180718b1983 xxu||||| |||| 00| 0 eng d
100
_a
Jennings, R.
245
_a
The problem with building land
260
_c
1983
300
_a
257-83
650
_a
Land Use
700
_a
B. Grist
773
_a
Administration
909
_a
12166
999
_c
12166
_d
12166